000 00462nam a2200157 i 4500
001 39121
003 ES-MaACL
005 20230906155908.0
007 t|
008 030227s1961 sp ||||1| cat d
100 1 _aCamps y Arboix, Joaquim de.
_934331
245 1 0 _aPanorama actual de les idees
_b: l'Estat modern /
_cJoaquĆ­m de Camps i Arboix.
260 _aBarcelona :
_bDalmau,
_c[1961]
300 _a191 p. ;
_c18 cm.
852 _aES-MaACL
_jG-9674
_bR.48015
999 _c39121
_d39121